000 00330nam a2200133Ia 4500
005 20251222144854.0
008 251222s9999||||xx |||||||||||||| ||spa||
020 _a9972-600-61-0
082 _a285.10/L94
100 _aLozano Barragán, Javier
245 0 _aTeología y Medicina
264 _bVida y Espiritualidad
942 _cLIB
999 _c21700
_d21700